000 00378nam a2200133Ia 4500
008 151001s9999||||xx |||||||||||||| ||und||
100 _aगणेश मंत्री
245 _aपत्रकारिता कि चूनौतीयाँ
250 _a1
260 _bसत्साहीत्य
260 _c2000
300 _a124
365 _b21
999 _c979232
_d979229